Groupes de choses : Russie - Statistiques

Statistiques générales
  • Ce quiz a été pris 256 fois
  • Le résultat moyen est 27 sur 48
Statistiques - réponses
Hint Réponse % Correct
Pays limitrophes de la Russie Chine
97%
Pays limitrophes de la Russie Ukraine
97%
Présidents de la fédération de Russie Vladimir Poutine
94%
Pays limitrophes de la Russie Mongolie
93%
Dirigeants du Parti communiste de l'Union soviétique Joseph Staline
91%
Pays limitrophes de la Russie Biélorussie
90%
Pays limitrophes de la Russie Estonie
90%
Pays limitrophes de la Russie Lettonie
90%
Pays limitrophes de la Russie Finlande
89%
Pays limitrophes de la Russie Kazakhstan
89%
Pays limitrophes de la Russie Lituanie
89%
Objets sur le drapeau de l'URSS Marteau
89%
Dirigeants du Parti communiste de l'Union soviétique Vladimir Lénine
89%
Dirigeants du Parti communiste de l'Union soviétique Mikhaïl Gorbatchev
83%
Objets sur le drapeau de l'URSS Faucille
82%
Pays limitrophes de la Russie Géorgie
81%
Pays limitrophes de la Russie Azerbaidjan
79%
Pays limitrophes de la Russie Corée du Nord
79%
Objets sur le drapeau de l'URSS Étoile
74%
Pays limitrophes de la Russie Pologne
73%
Océans et mers bordant la Russie Pacifique
72%
Plus longues rivières Volga
62%
Ballets de Tchaïkovski Le Lac des cygnes
59%
Océans et mers bordant la Russie Arctique
58%
Pays limitrophes de la Russie Norvège
56%
Ballets de Tchaïkovski Casse-Noisette
52%
Océans et mers bordant la Russie Noire
52%
Océans et mers bordant la Russie Baltique
51%
Océans et mers bordant la Russie Caspienne
41%
Présidents de la fédération de Russie Boris Eltsine
40%
Clubs de football de Moscou en première division {Dynamo} Moscou
38%
Dirigeants du Parti communiste de l'Union soviétique Nikita Khrouchtchev
37%
Clubs de football de Moscou en première division {Spartak} Moscou
35%
Clubs de football de Moscou en première division {CSKA} Moscou
34%
Présidents de la fédération de Russie Dmitri Medvedev
34%
Océans et mers bordant la Russie Du Japon
33%
Plus longues rivières Amour
30%
Dirigeants du Parti communiste de l'Union soviétique Léonid Brejnev
30%
Clubs de football de Moscou en première division {Lokomotiv} Moscou
28%
Océans et mers bordant la Russie Béring
25%
Plus longues rivières Léna
20%
Plus longues rivières Ob
19%
Dirigeants du Parti communiste de l'Union soviétique Iouri Andropov
15%
Plus longues rivières Ienisseï
12%
Dirigeants du Parti communiste de l'Union soviétique Konstantin Tchernenko
6%
Ballets de Tchaïkovski La Belle au bois dormant
6%
Océans et mers bordant la Russie Okhotsk
4%
Plus longues rivières Irtych
3%
Aucun quiz correspondant
Distribution des résultats
% des personnes avec chaque résultat
Percentile par nombre de réponses
Votre historique - résultats
Vous n’avez pas pris ce quiz